Úloha elektroniky při intenzívním rozvoji národního hospodářství

Enregistré dans:
Détails bibliographiques
Auteur principal: Nesvadba, Antonín
Autres auteurs: Schránil, Pavel
Format: Livre
Langue:tchèque
Publié: Praha Horizont 1985
Tags: Ajouter un tag
Pas de tags, Soyez le premier à ajouter un tag!

MARC

LEADER 00000nam a2200000 4500
001 c106917
005 20041019155138.7
041 0 |a cze 
044 |a CZ 
245 1 0 |a Úloha elektroniky při intenzívním rozvoji národního hospodářství  |c Antonín Nesvadba, Pavel Schránil 
264 1 |a Praha  |b Horizont  |c 1985 
300 |a 115 s. 
100 1 |a Nesvadba, Antonín 
700 1 |a Schránil, Pavel